study on establishing map of land valuatoin in chrouy chongvar commune chrouy chongvar district phnom penh សិក្សាពីការកសាងផែនទីវាយតម្លៃដីធ្លី នៅក្នុងសង្កាត់ជ្រោយចង្វារ ខណ្ឌជ្រោយចង្វារ រាជធានីភ្នំពេញ (Record no. 18134)

000 -LEADER
fixed length control field 00762nam a22001337a 4500
040 ## - CATALOGING SOURCE
Transcribing agency RUA
082 ## - DEWEY DECIMAL CLASSIFICATION NUMBER
Classification number LMA PHO 2017 B640 Or.1
100 ## - MAIN ENTRY--AUTHOR NAME
Personal name PHOK CHEASONIN ភោគ​ ជាសុនិន
245 ## - TITLE STATEMENT
Title study on establishing map of land valuatoin in chrouy chongvar commune chrouy chongvar district phnom penh សិក្សាពីការកសាងផែនទីវាយតម្លៃដីធ្លី នៅក្នុងសង្កាត់ជ្រោយចង្វារ ខណ្ឌជ្រោយចង្វារ រាជធានីភ្នំពេញ
260 ## - PUBLICATION, DISTRIBUTION, ETC. (IMPRINT)
Place of publication RUA
Name of publisher phnom penh
Year of publication 2017
300 ## - PHYSICAL DESCRIPTION
Number of Pages x;39p
Other physical details ill;
Dimensions 29cm
856 ## - ELECTRONIC LOCATION AND ACCESS
Uniform Resource Identifier https://drive.google.com/file/d/1fuaYKGdFQi-8ENn-FYWQHF2O_gjRNk_l/view?usp=sharing
942 ## - ADDED ENTRY ELEMENTS (KOHA)
Koha item type LMA
952 ## - LOCATION AND ITEM INFORMATION (KOHA)
Withdrawn status [LOCAL, KOHA] 0
952 ## - LOCATION AND ITEM INFORMATION (KOHA)
Withdrawn status [LOCAL, KOHA] 0
952 ## - LOCATION AND ITEM INFORMATION (KOHA)
Withdrawn status [LOCAL, KOHA] 0
952 ## - LOCATION AND ITEM INFORMATION (KOHA)
Withdrawn status [LOCAL, KOHA] 0
952 ## - LOCATION AND ITEM INFORMATION (KOHA)
Withdrawn status [LOCAL, KOHA] 0
952 ## - LOCATION AND ITEM INFORMATION (KOHA)
Withdrawn status [LOCAL, KOHA] 0
Holdings
Permanent Location Date acquired Koha item type Lost status Shelving location Barcode Current Location Full call number
Library Block B2019-08-06LMA B640A44769Library Block BLMA PHO 2017 B640 Or.1
Library Block B2019-08-06LMA B640A45149Library Block BLMA PHO 2017 B640 Or.2
Library Block B2019-08-06LMA B640A45074Library Block BLMA PHO 2017 B640 Or.4
Library Block B2019-08-06LMA B640A44999Library Block BLMA PHO 2017 B640 Or.5
Library Block B2019-08-06LMA B640A44308Library Block BLMA PHO 2017 B640 Or.5
Library Block B2019-08-06LMA B640A44994Library Block BLMA PHO 2017 B640 Or.6
មជ្ឈមណ្ឌលឯការនៃសាកលវិទ្យាល័យភូមិន្ទកសិកម្មចំការដូង

Powered by Koha